Los tres mosqueteros
Saved in:
| 主要作者: | |
|---|---|
| 格式: | 圖書 |
| 語言: | 西班牙语 |
| 出版: |
Ciudad de México
Origen
1991
|
| 叢編: | Colección Juvenil Origen
|
| 主題: | |
| 標簽: |
添加標簽
沒有標簽, 成為第一個標記此記錄!
|
MARC
| LEADER | 00000nam a2200000 a 4500 | ||
|---|---|---|---|
| 001 | UCW7295 | ||
| 003 | CL-VaPUC | ||
| 008 | 921022e19910000MX |||||||||||||||||spa|d | ||
| 082 | 0 | 4 | |a 843 |b DUM |2 21 |
| 100 | 0 | |a Dumas, Alejandro |e author |9 312445 | |
| 245 | 1 | 4 | |a Los tres mosqueteros |
| 300 | |a 543 p | ||
| 942 | |c BK | ||
| 945 | |d 19921022 00:00:00 | ||
| 260 | |a Ciudad de México |b Origen |c 1991 | ||
| 650 | 0 | |a Novela francesa |9 264985 | |
| 583 | |a last modification |c 19921022 00:00:00 |k Rodrigo Vera | ||
| 490 | 0 | |a Colección Juvenil Origen | |
| 999 | |c 220098 |d 220096 | ||
| 952 | |0 0 |1 0 |4 0 |6 843_000000000000000_DUM_1991 |7 0 |8 A |9 211888 |a BIBEDU |b BIBEDU |d 2019-11-15 |i 2801205 |o 843 DUM 1991 |p 2801205 |r 2019-11-15 |w 2019-11-15 |y BK |k EDU | ||